Fishes of Michigan - Statistics

General Stats
  • This quiz has been taken 78 times
  • The average score is 30 of 147
Answer Stats
Fish Group Fish Species % Correct
Basses Smallmouth Bass
83%
Basses Largemouth Bass
82%
Salmonids Rainbow Trout
70%
Sunfishes Bluegill
56%
Pikes Northern Pike
52%
Salmonids Brown Trout
50%
Sturgeons Lake Sturgeon
48%
Perches Walleye
47%
Salmonids Lake Trout
45%
Catfishes Channel Catfish
42%
Pikes Muskellunge
42%
Perches Yellow Perch
42%
Eels American Eel
41%
Salmonids Brook Trout
41%
Basses Rock Bass
39%
Sunfishes Pumpkinseed
38%
Crappies Black Crappie
36%
Bowfins Bowfin
36%
Salmonids Atlantic Salmon
35%
Coregonids Cisco
33%
Gars Longnose Gar
33%
Smelts Rainbow Smelt
33%
Salmonids Chinook Salmon
32%
Carps Common Carp
32%
Chubs Creek Chub
32%
Sunfishes Green Sunfish
32%
Crappies White Crappie
32%
Salmonids Coho Salmon
30%
Catfishes Flathead Catfish
30%
Bullheads Brown Bullhead
29%
Drums Freshwater Drum
29%
Temperate Basses White Perch
29%
Bullheads Yellow Bullhead
29%
Shiners Golden Shiner
27%
Lampreys Sea Lamprey
27%
Trout-Perches Trout-Perch
27%
Temperate Basses White Bass
27%
Buffalos Black Buffalo
26%
Bullheads Black Bullhead
26%
Cods Burbot
26%
Carps Grass Carp
26%
Salmonids Pink Salmon
26%
Sunfishes Redear Sunfish
26%
Perches Sauger
26%
Gars Spotted Gar
26%
Suckers White Sucker
26%
Carps Goldfish
24%
Pirate-Perches Pirate Perch
24%
Buffalos Bigmouth Buffalo
23%
Herrings/Shads Gizzard Shad
21%
Pikes Grass Pickerel
21%
Redhorses River Redhorse
21%
Gobies Round Goby
21%
Sunfishes Warmouth
21%
Chubsuckers Western Creek Chubsucker
21%
Silversides Brook Silverside
20%
Redhorses Golden Redhorse
20%
Chubs Lake Chub
20%
Coregonids Lake Whitefish
20%
Sunfishes Longear Sunfish
20%
Mooneyes Mooneye
20%
Darters Rainbow Darter
20%
Redhorses Silver Redhorse
20%
Catfishes Stonecat
20%
Mudminnows Central Mudminnow
18%
Shiners Emerald Shiner
18%
Minnows Fathead Minnow
18%
Darters Johnny Darter
18%
Chubsuckers Lake Chubsucker
18%
Suckers Northern Hog Sucker
18%
Killifishes Western Banded Killifish
18%
Daces Western Blacknose Dace
18%
Redhorses Black Redhorse
17%
Sticklebacks Brook Stickleback
17%
Shiners Common Shiner
17%
Redhorses Greater Redhorse
17%
Sculpins Mottled Sculpin
17%
Carpsuckers Quillback Carpsucker
17%
Chubs River Chub
17%
Sticklebacks Threespine Stickleback
17%
Herrings/Shads Alewife
15%
Sculpins Deepwater Sculpin
15%
Darters Greenside Darter
15%
Shiners Sand Shiner
15%
Shiners Silver Shiner
15%
Shiners Spottail Shiner
15%
Gobies Tubenose Goby
15%
Minnows Bluntnose Minnow
14%
Madtoms Brindled Madtom
14%
Lampreys Chestnut Lamprey
14%
Chubs Hornyhead Chub
14%
Darters Iowa Darter
14%
Shiners Mimic Shiner
14%
Sticklebacks Ninespine Stickleback
14%
Perches Northern Logperch
14%
Daces Northern Redbelly Dace
14%
Lampreys Silver Lamprey
14%
Sculpins Slimy Sculpin
14%
Shiners Spotfin Shiner
14%
Suckers Spotted Sucker
14%
Lampreys American Brook Lamprey
12%
Suckers Longnose Sucker
12%
Lampreys Northern Brook Lamprey
12%
Sunfishes Orangespotted Sunfish
12%
Coregonids Pygmy Whitefish
12%
Coregonids Round Whitefish
12%
Shiners Blackchin Shiner
11%
Shiners Blacknose Shiner
11%
Darters Blackside Darter
11%
Stonerollers Central Stoneroller
11%
Darters Fantail Darter
11%
Coregonids Kiyi
11%
Madtoms Northern Madtom
11%
Shiners Rosyface Shiner
11%
Redhorses Shorthead Redhorse
11%
Daces Southern Redbelly Dace
11%
Sculpins Spoonhead Sculpin
11%
Shiners Striped Shiner
11%
Madtoms Tadpole Madtom
11%
Killifishes Blackstripe Topminnow
9%
Coregonids Bloater
9%
Darters Eastern Sand Darter
9%
Daces Longnose Dace
9%
Daces Northern Pearl Dace
9%
Loaches Oriental Weatherfish
9%
Coregonids Shortjaw Cisco
9%
Daces Finescale Dace
8%
Shiners Ghost Shiner
8%
Darters Orangethroat Darter
8%
Minnows Pugnose Minnow
8%
Shiners Pugnose Shiner
8%
Daces Redside Dace
8%
Chubs Silver Chub
8%
Minnows Silverjaw Minnow
8%
Killifishes Starhead Topminnow
8%
Darters Western Sand Darter
8%
Minnows Brassy Minnow
6%
Perches Eurasian Ruffe
6%
Darters Least Darter
6%
Madtoms Margined Madtom
6%
Darters River Darter
6%
Darters Banded Darter
5%
Shiners Bigmouth Shiner
5%
Darters Channel Darter
5%
Shiners Redfin Shiner
5%
Herrings/Shads Skipjack Herring
5%
Minnows Suckermouth Minnow
3%
No matching quizzes found
Score Distribution
Percent of People with Each Score
Percentile by Number Answered
Your Score History
You have not taken this quiz